| 000 | 00952nac a22002897a 4500 | ||
|---|---|---|---|
| 001 | BR9801322 | ||
| 003 | BR-BrBNA | ||
| 005 | 20240105122052.0 | ||
| 008 | 230509b bl.|||m| |||| 00| 0 por d | ||
| 040 |
_aBR-BrBNA _bpor _cBiblioteca Nacional de Agricultura |
||
| 072 | _aF62 | ||
| 090 | _aF62 BR9801322 | ||
| 100 | 1 | _aSouza, V.F. de | |
| 100 | 1 | _aCosta, R.S.C. da | |
| 100 | 1 | _aVieira, A.H. | |
| 110 | 1 | _aCentro de Pesquisa Agroflorestal de Rondonia, Porto Velho (Brasil) | |
| 245 | 1 | _aCrescimento de mudas de pupunheiras em diferentes volumes de recipiente visando a producao de palmito | |
| 260 | 3 |
_aPorto Velho, RO (Brasil): _c1996. |
|
| 300 | _a3 p. | ||
| 490 |
_aPesquisa em Andamento - Centro de Pesquisa Agroflorestal de Rondonia (Brazil) _vno. 129 _xISSN 1415-0867 |
||
| 500 | _a0329 | ||
| 650 | _aPupunha | ||
| 650 | _aPalmito | ||
| 650 | _aMuda | ||
| 909 |
_a202312 _bLúcia Elande _c55 _dLúcia Elande |
||
| 942 |
_2AGRIS _n0 _cMS |
||
| 999 |
_c289034 _d289034 |
||